Natural and artificial photosynthesis : (Record no. 355667)
[ view plain ]
| 000 -LEADER | |
|---|---|
| fixed length control field | 01261cam a2200301 i 4500 |
| 001 - CONTROL NUMBER | |
| control field | 17599665 |
| 003 - CONTROL NUMBER IDENTIFIER | |
| control field | Nust- CAS-E |
| 005 - DATE AND TIME OF LATEST TRANSACTION | |
| control field | 20180118181409.0 |
| 008 - FIXED-LENGTH DATA ELEMENTS--GENERAL INFORMATION | |
| fixed length control field | 130123t20132013njua b 001 0 eng |
| 010 ## - LIBRARY OF CONGRESS CONTROL NUMBER | |
| LC control number | 2013002851 |
| 020 ## - INTERNATIONAL STANDARD BOOK NUMBER | |
| International Standard Book Number | 9781118160060 (cloth) |
| 020 ## - INTERNATIONAL STANDARD BOOK NUMBER | |
| International Standard Book Number | 1118160061 (cloth) |
| 040 ## - CATALOGING SOURCE | |
| Original cataloging agency | DLC |
| Language of cataloging | eng |
| Transcribing agency | DLC |
| Description conventions | rda |
| Modifying agency | DLC |
| 042 ## - AUTHENTICATION CODE | |
| Authentication code | pcc |
| 050 00 - LIBRARY OF CONGRESS CALL NUMBER | |
| Classification number | TJ811.8 |
| Item number | .N37 2013 |
| 082 00 - DEWEY DECIMAL CLASSIFICATION NUMBER | |
| Classification number | 621.042 |
| Edition number | 23 |
| Author Mark | NAT 2013 |
| 245 00 - TITLE STATEMENT | |
| Title | Natural and artificial photosynthesis : |
| Remainder of title | solar power as an energy source / |
| Statement of responsibility, etc. | edited by Reza Razeghifard. |
| 300 ## - PHYSICAL DESCRIPTION | |
| Extent | xxv, 462 pages : |
| Other physical details | illustrations ; |
| Dimensions | 25 cm |
| 502 ## - DISSERTATION NOTE | |
| Dissertation note | 0 |
| 504 ## - BIBLIOGRAPHY, ETC. NOTE | |
| Bibliography, etc. note | Includes bibliographical references and index. |
| 650 #0 - SUBJECT ADDED ENTRY--TOPICAL TERM | |
| Topical term or geographic name entry element | Renewable energy sources. |
| 650 #0 - SUBJECT ADDED ENTRY--TOPICAL TERM | |
| Topical term or geographic name entry element | Photosynthesis |
| General subdivision | Industrial applications. |
| 700 1# - ADDED ENTRY--PERSONAL NAME | |
| Personal name | Razeghifard, Reza, |
| Dates associated with a name | 1964- |
| Relator term | editor of compilation. |
| 776 08 - ADDITIONAL PHYSICAL FORM ENTRY | |
| Relationship information | Online version: |
| Main entry heading | Razeghifard, Reza, 1964- editor of compilation. |
| Title | Natural and artificial photosynthesis |
| Place, publisher, and date of publication | Hoboken, New Jersey : John Wiley and Sons, Inc., [2013] |
| International Standard Book Number | 9781118659847 |
| Record control number | (DLC) 2013013043 |
| 906 ## - LOCAL DATA ELEMENT F, LDF (RLIN) | |
| a | 7 |
| b | cbc |
| c | orignew |
| d | 1 |
| e | ecip |
| f | 20 |
| g | y-gencatlg |
| 942 ## - ADDED ENTRY ELEMENTS (KOHA) | |
| Source of classification or shelving scheme | |
| Koha item type | Book |
| Withdrawn status | Lost status | Source of classification or shelving scheme | Damaged status | Not for loan | Collection code | Permanent Location | Current Location | Shelving location | Date acquired | Source of acquisition | Cost, normal purchase price | Total Checkouts | Full call number | Barcode | Date last seen | Date last checked out | Price effective from | Koha item type |
|---|---|---|---|---|---|---|---|---|---|---|---|---|---|---|---|---|---|---|
| US-Pakistan Center for Advanced Studies in Energy (USPCAS-E) | US-Pakistan Center for Advanced Studies in Energy (USPCAS-E) | 11/13/2015 | Multiline Books | 9974.00 | 1 | 621.042 NAT 2013 | CAS-E0000601 | 10/13/2016 | 04/15/2016 | 11/13/2015 | Book |
